Co-operative principles (Record no. 3459)

MARC details
000 -LEADER
fixed length control field 00488cam a2200193ua 4500
008 - FIXED-LENGTH DATA ELEMENTS--GENERAL INFORMATION
fixed length control field 111122n ii |||gr||||Z||||||eng
040 ## - CATALOGING SOURCE
Transcribing agency MAIN
082 ## - DEWEY DECIMAL CLASSIFICATION NUMBER
Classification number 334
100 1# - MAIN ENTRY--PERSONAL NAME
Personal name Tagore, Rabindra Nath,
245 11 - TITLE STATEMENT
Title Co-operative principles
Statement of responsibility, etc. by Rabindra Nath Tagore
250 ## - EDITION STATEMENT
Edition statement 1st.
260 ## - PUBLICATION, DISTRIBUTION, ETC.
Place of publication, distribution, etc. Culcutta:
Name of publisher, distributor, etc. Visva Bharati,963.
300 ## - PHYSICAL DESCRIPTION
Extent 65p.:
Dimensions 23cm.
700 ## - ADDED ENTRY--PERSONAL NAME
Personal name Sen, Pulinbihari,
Relator term
942 ## - ADDED ENTRY ELEMENTS (KOHA)
Koha item type Books
653 ## - INDEX TERM--UNCONTROLLED
Uncontrolled term English
653 ## - INDEX TERM--UNCONTROLLED
Uncontrolled term Co-operative principles
Holdings
Withdrawn status Lost status Damaged status Not for loan Home library Current library Shelving location Date acquired Total Checkouts Full call number Barcode Date last seen Copy number Price effective from Koha item type
        Central Library, Naharkatiya College Central Library, Naharkatiya College General Stacks 19/09/2020   334 | TAG 1826(A) 19/09/2020 1 19/09/2020 Books

Naharkatiya College © 2020. All rights reserved.

Powered By